Score 0/31 Timer 05:00
0 Plays Today
Championship Appearances Metro % Correct
17New York
97.4%
13Boston
94.9%
12Los Angeles
92.3%
9San Francisco
67.9%
7Detroit
52.6%
6Miami
52.6%
5Chicago
44.9%
6St. Louis
42.3%
6Pittsburgh
41%
5Philadelphia
37.2%
5Dallas
35.9%
5San Antonio
33.3%
2Baltimore
33.3%
3Seattle
29.5%
2Kansas City
28.2%
1New Orleans
28.2%
Championship Appearances Metro % Correct
3Denver
26.9%
1Houston
26.9%
4Tampa
25.6%
2Phoenix
25.6%
3Cleveland
25.6%
2Indianapolis
17.9%
1Orlando
16.7%
1Green Bay
15.4%
3Charlotte
14.1%
1Vancouver
14.1%
1Nashville
12.8%
1Oklahoma City
12.8%
1Ottawa
10.3%
1Edmonton
9%
1Calgary
7.7%
Come Together.
Have Fun.
All Virtual.
We all need to come together. Play Sporcle's virtual live trivia to have fun, connect with people, and get your trivia on. Join a live hosted trivia game for your favorite pub trivia experience done virtually. If a virtual private party is more your thing, go here for details.

You're not logged in!

Compare scores with friends on all Sporcle quizzes.
OR
Log In

Sporcle TV

Today on Sporcle TV


Watch our educational content, quiz creation guides, and fun videos on Sporcle TV.

Show Comments

Extras

Top Quizzes Today


Score Distribution

Paid Content

Your Account Isn't Verified!

In order to create a playlist on Sporcle, you need to verify the email address you used during registration. Go to your Sporcle Settings to finish the process.

Report this User

Report this user for behavior that violates our Community Guidelines.

Details: